Touched with our feelings : (Registro nro. 34019)

Detalles MARC
000 -LEADER
campo de control de longitud fija 03336cam a22005774i 4500
003 - IDENTIFICADOR DE NÚMERO DE CONTROL
campo de control PE-LiUPU
005 - FECHA Y HORA DE LA ÚLTIMA TRANSACCIÓN
campo de control 20250731173134.0
008 - DATOS DE LONGITUD FIJA--INFORMACIÓN GENERAL
campo de control de longitud fija 150623s r 000 0 d
020 ## - NÚMERO INTERNACIONAL ESTÁNDAR DEL LIBRO
Número Internacional Estándar del Libro 0828013306
035 ## - NÚMERO DE CONTROL DEL SISTEMA
Número de control de sistema (Sirsi) i9780828013307
040 ## - FUENTE DE CATALOGACIÓN
Centro catalogador/agencia de origen PE-LiUPU
Lengua de catalogación spa
Centro/agencia transcriptor PE-LiUPU
Normas de descripción rda
049 ## - FONDOS LOCALES (OCLC)
Biblioteca depositaria PRUA
050 00 - SIGNATURA TOPOGRÁFICA DE LA BIBLIOTECA DEL CONGRESO
Número de clasificación BT212
Número de ítem .Z87 1999
082 04 - NÚMERO DE LA CLASIFICACIÓN DECIMAL DEWEY
Número de clasificación 232.8
Cutter Z99
Número de edición 21
082 04 - NÚMERO DE LA CLASIFICACIÓN DECIMAL DEWEY
Número de clasificación 286.732092
Cutter Z99
Número de edición 21
100 1# - ENTRADA PRINCIPAL--NOMBRE DE PERSONA
Nombre de persona Zurcher, J.R.,
Fechas asociadas al nombre 1918-
Forma completa/desarrollada del nombre Jean Rudolf,
Término indicativo de función/relación autor.
245 10 - MENCIÓN DEL TÍTULO
Título Touched with our feelings :
Resto del título a historical survey of adventist thought on the human nature of Christ /
Mención de responsabilidad, etc. J. R. Zurcher.
264 #1 - PRODUCCIÓN, PUBLICACIÓN, DISTRIBUCIÓN, FABRICACIÓN Y COPYRIGHT
Producción, publicación, distribución, fabricación y copyright Hagerstown, Maryland :
Nombre del de productor, editor, distribuidor, fabricante Review and Herald Publishing Association,
Fecha de producción, publicación, distribución, fabricación o copyright 1999.
300 ## - DESCRIPCIÓN FÍSICA
Extensión 308 páginas ;
Dimensiones 23 centímetros
336 ## - TIPO DE CONTENIDO
Término de tipo de contenido text
Fuente rdacontent
337 ## - TIPO DE MEDIO
Nombre/término del tipo de medio unmediated
Fuente rdamedia
338 ## - TIPO DE SOPORTE
Nombre/término del tipo de soporte volume
Fuente rdacarrier
504 ## - NOTA DE BIBLIOGRAFÍA, ETC.
Nota de bibliografía, etc. Incluye referencias bibliográficas.
505 0# - NOTA DE CONTENIDO CON FORMATO
Nota de contenido con formato The divine and human nature of Jesus Christ: The Divinity of Christ. -Christ's human nature. The Christology of the pioneers of the adventist church: The Christology of Ellen G. White (1827-1915). -Ellet J. Waggoner (1855-1916). -Alonzo T, Jones (1850-1923). -William Warren Prescott (1855-1944). -The Holy flesh movement. Extracts from official church publications (1895-1952): Extracts from official publications (1895-1915). -Extracts from official publications (1916-1952). The christological controversy at the heart of the adventist church: "Adventism's new milestone". -First reactions to the book. -Reaction to the new christology (1970 to 1979). -The crest of the controversy. -In search of historical truth. A return to sources of adventist and biblical christology: Evaluation and critique. -Biblical data of christology.
526 ## - NOTA DE INFORMACIÓN SOBRE EL PROGRAMA DE ESTUDIO
Nombre del programa Segunda Especialidad En Profecías Bíblicas
526 ## - NOTA DE INFORMACIÓN SOBRE EL PROGRAMA DE ESTUDIO
Nombre del programa Segunda Especialidad En Nuevo Testamento
526 ## - NOTA DE INFORMACIÓN SOBRE EL PROGRAMA DE ESTUDIO
Nombre del programa Segunda Especialidad En Antiguo Testamento
526 ## - NOTA DE INFORMACIÓN SOBRE EL PROGRAMA DE ESTUDIO
Nombre del programa Segunda Especialidad En Estudios Adventistas
526 ## - NOTA DE INFORMACIÓN SOBRE EL PROGRAMA DE ESTUDIO
Nombre del programa Doctorado en teología
526 ## - NOTA DE INFORMACIÓN SOBRE EL PROGRAMA DE ESTUDIO
Nombre del programa Maestría en teología histórica
526 ## - NOTA DE INFORMACIÓN SOBRE EL PROGRAMA DE ESTUDIO
Nombre del programa Maestría en teología bíblica
526 ## - NOTA DE INFORMACIÓN SOBRE EL PROGRAMA DE ESTUDIO
Nombre del programa Maestría en teología
526 ## - NOTA DE INFORMACIÓN SOBRE EL PROGRAMA DE ESTUDIO
Nombre del programa Maestría en misionología
526 ## - NOTA DE INFORMACIÓN SOBRE EL PROGRAMA DE ESTUDIO
Nombre del programa Maestría en liderazgo eclesiástico
526 ## - NOTA DE INFORMACIÓN SOBRE EL PROGRAMA DE ESTUDIO
Nombre del programa Teología
541 ## - NOTA DE FUENTE DE ADQUISICIÓN DIRECTA
-- 005-003288;
541 ## - NOTA DE FUENTE DE ADQUISICIÓN DIRECTA
-- 10606;
596 ## -
-- 1 4
600 1# - PUNTO DE ACCESO ADICIONAL DE MATERIA--NOMBRE DE PERSONA
Nombre de persona Jesucristo
Subdivisión general Humanidad
650 04 - PUNTO DE ACCESO ADICIONAL DE MATERIA--TÉRMINO DE MATERIA
Término de materia o nombre geográfico como elemento de entrada Jesucristo
Subdivisión general Divinidad.
650 04 - PUNTO DE ACCESO ADICIONAL DE MATERIA--TÉRMINO DE MATERIA
Término de materia o nombre geográfico como elemento de entrada Perfección
Subdivisión general Cristianismo.
942 ## - ELEMENTOS DE ENTRADA SECUNDARIOS (KOHA)
Fuente del sistema de clasificación o colocación Clasificación Decimal Dewey
Tipo de ítem Koha
949 ## - PROCESAMIENTO DE INFORMACIÓN LOCAL (OCLC)
a 232.8 Z99
w DEWEY
c 1
i 52208
f 2017-2-14
g 1
l CCODEBUL1
m BUL
p 15.00
r 0
s Y
t BOOK
u 2015-6-24
x TEOLOGIA
-- P35
0 COMPRA
o .STAFF. Colección General
949 ## - PROCESAMIENTO DE INFORMACIÓN LOCAL (OCLC)
a 232.8 Z99
w DEWEY
c 2
i 58691
l CIA
m BWL
p 20.00
r 1
s Y
t BOOK
u 2015-6-24
x WHITE
z UNKNOWN
0 COMPRA
o .STAFF. Colección General
949 ## - PROCESAMIENTO DE INFORMACIÓN LOCAL (OCLC)
a 232.8 Z99
w DEWEY
c 3
i 59421
l CIA
m BWL
p 16.00
r 1
s Y
t BOOK
u 2015-6-24
x WHITE
z UNKNOWN
0 COMPRA
o .STAFF. Colección General
994 ## -
-- C0
-- PEPRU
999 ## - NÚMEROS DE CONTROL DE SISTEMA (KOHA)
-- DEWEY
-- 52208
-- 2021-11-10
-- 4
-- CCODEBUL1
-- BUL
-- 15.00
-- 1
-- 0
-- Y
-- BOOK
-- 2015-6-24
-- TEOLOGIA
-- P35
-- COMPRA
-- .STAFF. Colección General
999 ## - NÚMEROS DE CONTROL DE SISTEMA (KOHA)
-- DEWEY
-- CW58691
-- 2021-12-23
-- 1
-- CCODECWL1
-- BWL
-- 20.00
-- 0
-- Y
-- BOOK
-- 2015-6-24
-- WHITE
-- UNKNOWN
-- COMPRA
-- .STAFF. Centro White
999 ## - NÚMEROS DE CONTROL DE SISTEMA (KOHA)
-- DEWEY
-- CW59421
-- 2021-12-22
-- 2
-- CCODECWL1
-- BWL
-- 16.00
-- 0
-- Y
-- BOOK
-- 2015-6-24
-- WHITE
-- UNKNOWN
-- COMPRA
-- .STAFF. Centro White
980 ## - EQUIVALENCIA O REFERENCIA-CRUZADA-MENCIÓN DE SERIE--NOMBRE DE PERSONA/TÍTULO [LOCAL, CANADÁ]
ID del último usuario que modificó el registro 1
Nombre del último usuario que modificó el registro ALBERTO SANCHEZ Responsable de Automatización
Existencias
Visto por última vez Número de inventario Total de préstamos Signatura topográfica completa Código de barras Copia número Coste, precio de reemplazo Fecha de reemplazo Facultad Tipo de ítem Koha Nota pública Estado de pérdida Fuente del sistema de clasificación o colocación Restricciones de uso No para préstamo Colección Programa académico Biblioteca de origen Biblioteca actual Ubicación en estantería Fecha de adquisición Fuente de adquisición Coste, precio normal de compra
2025-12-03 5   232.8 Z99 52208 e1 20.00 2015-06-24   Libros físicos inventario-2023-12-13 No Perdido Clasificación Decimal Dewey No restringido Disponible para préstamos Colección General Teología Biblioteca CRAI UPeU Lima Biblioteca CRAI UPeU Lima Sala principal 2015-06-24 COMPRA 15.00